|
|
|
|
| LEADER |
00988nam a2200241 a 4500 |
| 001 |
2350116 |
| 008 |
091108s2002 ncu b 001 0 eng d |
| 010 |
|
|
|a 83009061
|
| 020 |
|
|
|a 8185336873
|
| 020 |
|
|
|a 0822305038 (alk. paper)
|
| 040 |
|
|
|a DLC
|c DLC
|d DLC
|
| 050 |
0 |
0 |
|a PS3503.E4488
|b Z665 1984
|
| 082 |
0 |
0 |
|a 813/.52
|2 19
|
| 100 |
1 |
|
|a Fuchs, Daniel,
|d 1934-
|
| 245 |
1 |
0 |
|a Saul Bellow, vision and revision /
|c Daniel Fuchs.
|
| 260 |
|
|
|a Durham, N.C. :
|b Duke University Press, ;
|a New Delhi :
|b Affiliated east west press,
|c 2002.
|
| 300 |
|
|
|a xi, 345 p. ;
|c 25 cm.
|
| 504 |
|
|
|a Includes bibliographical references and index.
|
| 541 |
1 |
|
|e 00019512
|
| 600 |
1 |
0 |
|a Bellow, Saul
|x Criticism, Textual.
|
| 852 |
4 |
|
|a Ayesha Abed Library
|j General Shelf
|
| 999 |
|
|
|c 5293
|d 5293
|
| 952 |
|
|
|0 0
|1 0
|2 ddc
|4 0
|6 813_520000000000000_FUC_1992
|7 0
|9 5142
|a BRACUL
|b BRACUL
|c GEN
|d 2009-11-09
|l 1
|o 813.52 FUC
|p 3010019512
|r 2014-05-14
|s 2013-02-18
|t 1
|w 2009-11-09
|y BK
|x Transferred from ENH to Ayesha Abed library on 20/12/2023
|